La explicación en las ciencias de la conducta

Wedi'i Gadw mewn:
Manylion Llyfryddiaeth
Prif Awduron: Toulmin, Stephen (Awdur), Chomsky, Noam (Awdur), Watkins, John (Awdur), Jarvie, I. C (Awdur), Boakes, R. A (Awdur), Halliday, M. S (Awdur), Cioffi, Frank (Awdur)
Fformat: Llyfr
Iaith:Sbaeneg
Cyhoeddwyd: Madrid Alianza 1974
Cyfres:Alianza Universidad
Pynciau:
Tagiau: Ychwanegu Tag
Dim Tagiau, Byddwch y cyntaf i dagio'r cofnod hwn!

MARC

LEADER 00000nam a2200000 a 4500
001 UCR6497
003 CL-VaPUC
008 980423e19740000SP |||||||||||||||||spa|d
082 0 4 |a 150.9  |b TOU  |2 21 
100 0 |a Toulmin, Stephen  |e author  |9 407575 
700 0 |a Chomsky, Noam  |e author  |9 320717 
700 0 |a Watkins, John  |e author  |9 407576 
700 0 |a Jarvie, I. C  |e author  |9 407577 
700 0 |a Boakes, R. A  |e author  |9 407578 
700 0 |a Halliday, M. S  |e author  |9 407579 
700 0 |a Cioffi, Frank  |e author  |9 407580 
245 1 3 |a La explicación en las ciencias de la conducta 
300 |a 378 p 
942 |c BK 
945 |d 19980423 00:00:00  |a lriquelm 
260 |a Madrid  |b Alianza  |c 1974 
600 0 |a Freud, Sigmund  |e author   |9 307892 
650 0 |a Conducta humana   |9 269906 
650 0 |a Comportamiento social  |9 334200 
650 0 |a Conducta  |9 269782 
650 7 |a RACIONAMIENTO  |2 CL-VaPUC  |9 369068 
650 7 |a RACIONALIZACION  |2 CL-VaPUC  |9 335890 
650 0 |a Sociología   |9 255410 
650 0 |a Antropología   |9 233030 
650 0 |a Conciencia  |9 309452 
650 0 |a Psicología   |9 257863 
583 |a last modification  |c 19980423 00:00:00  |k Rodrigo Vera 
490 0 |a Alianza Universidad 
999 |c 268581  |d 268579 
952 |0 0  |1 0  |4 0  |6 150_900000000000000_TOU_1974  |7 0  |8 A  |9 301787  |a BIBENE  |b BIBENE  |d 2019-11-20  |i 1975714  |o 150.9 TOU 1974  |p 1975714  |r 2025-01-15  |w 2019-11-20  |y BK  |k ICO